00278nam a2200097Ia 4500008004000000082001800040100002100058245005900079260003400138300000800172210210b1987 xxu||||| |||| 00| 0 eng d a001.6424 EVAN aEVANS (Richard). aNorton utilities version 4.0: an illustrated tutorial. aDelhibBPB publicationsc1987 a164